| 000 | 01369 a2200193 4500 | ||
|---|---|---|---|
| 003 | Nust | ||
| 005 | 20221129102131.0 | ||
| 020 | _a8121918510 | ||
| 040 | _cNust | ||
| 082 | _a621.3815,THE | ||
| 100 |
_aB L Theraja _913416 |
||
| 245 |
_aPrinciples of electronic devices and circuits : _bAnalog and digital / _cB L Theraja & R.S.Sedha |
||
| 260 |
_aNew Delhi _bS.Chand & Copmapany _c2004 |
||
| 300 |
_a591 p _billus _c24 cm |
||
| 505 | _aSemiconductor Physics (Page-1), P-N Junction Diode (Page-38), Optoelectronic Devices (Page-62), Special Diodes (Page-83), D. C. Power Supplies (Page-98), Regulated Power Supply (Page-133), Bipolar Junction Transistor (Page-150), Load Lines and DC Biased Circuits (Page-179), Transistor Equivalent Circuit and Models (Page-195), Single Stage Transistor Amplifiers (Page-232), Multistage and Feedback Amplifiers (Page-267), Feedback Amplifier (Page-292), Field Effect Transistors (Page-309), Breakdown Devices (Page-331), Sinusoidal and Non sinusoidal Oscillators (Page-347), Modulation and Demodulation (Page-378), Integrated Circuits (Page-405), OP-AMP and its Applications (Page-434), Number Systems and Codes (Page-454), Logic Gates (Page-482), Boolean Algebra and Logic families (Page-511), Electronic Instruments (Page-533). | ||
| 600 |
_aB L Theraja _913416 |
||
| 650 | _aTelecommunication engineering | ||
| 942 |
_2ddc _cBK |
||
| 999 |
_c182162 _d182162 |
||